000 00213 a2200097 4500
001 28562
100 _aHolister, G S
245 _aExperimental Stress Analysis
260 _a
_bCambridge
_c
090 _c19127
_d19127
942 _aNUST-CAE
_cM
_c10144
999 _c263635
_d263635